Hero : A Biography of Sachin Ramesh Tendulkar (Record no. 10491)

MARC details
000 -LEADER
fixed length control field 00438nam a22001697a 4500
003 - CONTROL NUMBER IDENTIFIER
control field OSt
008 - FIXED-LENGTH DATA ELEMENTS--GENERAL INFORMATION
fixed length control field 210223b ||||| |||| 00| 0 eng d
020 ## - INTERNATIONAL STANDARD BOOK NUMBER
International Standard Book Number 9788129145659
082 ## - DEWEY DECIMAL CLASSIFICATION NUMBER
Classification number 796.358092 PRH
100 ## - MAIN ENTRY--PERSONAL NAME
Personal name PRABHUDESAI, Devendra
245 ## - TITLE STATEMENT
Title Hero : A Biography of Sachin Ramesh Tendulkar
250 ## - EDITION STATEMENT
Edition statement 1st Imp.
260 ## - PUBLICATION, DISTRIBUTION, ETC. (IMPRINT)
Place of publication, distribution, etc New Delhi
Name of publisher, distributor, etc Rupa Publication
Date of publication, distribution, etc 2017
300 ## - PHYSICAL DESCRIPTION
Extent 496
650 ## - SUBJECT ADDED ENTRY--TOPICAL TERM
Topical term or geographic name as entry element General Books
942 ## - ADDED ENTRY ELEMENTS (KOHA)
Source of classification or shelving scheme Dewey Decimal Classification
Koha item type Text Books
942 ## - ADDED ENTRY ELEMENTS (KOHA)
-- 1
Holdings
Withdrawn status Lost status Source of classification or shelving scheme Damaged status Not for loan Collection code Home library Current library Date acquired Source of acquisition Currency Cost, normal purchase price Bill Number Total Checkouts Full call number Acc. no. / Barcode Date last seen Date last borrowed Actual Cost, discounted price Bill Date Koha item type Checked out Public note
    Dewey Decimal Classification     IKS- Indian Knowledge System PIET C-LIBRARY PIET C-LIBRARY 08/02/2021 Kirti Prakashan Indian Rup 500.00 IN15058 1 796.358092 PRH 32457 08/11/2023 27/10/2023 335.00 06/02/2021 Text Books    
    Dewey Decimal Classification     IKS- Indian Knowledge System PIET C-LIBRARY PIET C-LIBRARY 08/02/2021 Kirti Prakashan Indian Rup 500.00 IN15058 2 796.358092 PRH 32458 13/01/2024 13/01/2024 335.00 06/02/2021 Text Books 11/07/2024 .

Design & Developed by: PIET Central Library
R70 Miles Stone Pattikalyana Samalkha Panipat 132102
mail ID :- [email protected], Phone No:- 0180-2569700 Ex.216